| 000 | 00833nam a2200253 i 4500 | ||
|---|---|---|---|
| 003 | DO-SdBNP | ||
| 005 | 20240516103441.0 | ||
| 006 | a||||gr|||| 00| 0 | ||
| 007 | ta | ||
| 008 | 240516e1998 dr aob|| |||| 00| 0 eng d | ||
| 040 |
_aDO-SdBNP _bspa _cBNPHU _erda |
||
| 082 | 4 |
_222 _bO668d |
|
| 100 | 1 |
_aÁlvarez P., Eduardo A., _d1915- _917931 _eautor |
|
| 245 | 1 | 0 |
_aDon Francisco de Orellana / _cEduardo A. Alvarez, _h1998 |
| 264 |
_aSanto Domingo : _bCorripio, _c1998 |
||
| 300 |
_a42 páginas : _bilustraciones, fotografías, mapas ; _c22 cm. |
||
| 336 |
_2rdacontent _atexto _btxt |
||
| 337 |
_2rdamedia _asin mediación _bn |
||
| 338 |
_2rdacarrier _avolumen _bnc |
||
| 590 | _aInventariado 2024 / MF | ||
| 600 | 4 |
_aOrellana, Francisco de, _d1511-1546 _xBiografías _932986 |
|
| 600 | 4 |
_aAlvárez, Eduardo A. _959008 |
|
| 942 |
_2ddc _cLBS1 |
||
| 999 |
_c56679 _d56679 |
||